US State Trees - Statistics

General Stats
  • This quiz has been taken 25 times
  • The average score is 20 of 49
Answer Stats
Hint Answer % Correct
California (name either) Coast Redwood / Giant Sequoia
94%
New York Sugar Maple
69%
Vermont Sugar Maple
69%
West Virginia Sugar Maple
69%
Wisconsin Sugar Maple
69%
Connecticut White Oak
69%
Illinois White Oak
69%
Maryland White Oak
69%
Oregon Douglas Fir
63%
Indiana Tulip Poplar
56%
Kentucky Tulip Poplar
56%
Tennessee Tulip Poplar
56%
Montana Ponderosa Pine
50%
Utah Quaking Aspen
50%
Alaska Sitka Spruce
50%
Mississippi Southern Magnolia
50%
Louisiana Bald Cypress
44%
Colorado Blue Spruce
44%
Nevada Great Basin Bristlecone Pine / Single-Leaf Pinyon
44%
Alabama Longleaf Pine
44%
Florida Sabal Palm
44%
South Carolina Sabal Palm
44%
Maine Eastern White Pine
38%
Michigan Eastern White Pine
38%
Hawaii Kukui
38%
Arkansas Loblolly Pine
38%
New Mexico Pinyon Pine
38%
Rhode Island Red Maple
38%
Minnesota Red Pine
38%
District of Columbia Scarlet Oak
38%
Idaho Western White Pine
38%
Delaware American Holly
31%
Arizona Blue Palo Verde
31%
Pennsylvania Eastern Hemlock
31%
Oklahoma Eastern Redbud
31%
Missouri Flowering Dogwood
31%
Virginia Flowering Dogwood
31%
Ohio Ohio Buckeye
31%
Georgia Southern Live Oak
31%
Washington Western Hemlock
31%
Massachusetts American Elm
25%
North Dakota American Elm
25%
Kansas Eastern Cottonwood
19%
Nebraska Eastern Cottonwood
19%
Wyoming Eastern Cottonwood
19%
Texas Pecan
19%
New Hampshire American White Birch
13%
New Jersey Northern Red Oak
13%
South Dakota White Spruce
0%
No matching quizzes found
Score Distribution
Percent of People with Each Score
Percentile by Number Answered
Your Score History
You have not taken this quiz